Cómo construir un sello de liderazgo (Registro nro. 10825)

Detalles MARC
000 -LEADER
fixed length control field 00372 a2200121 4500
001 - CONTROL NUMBER
control field ART_14694
005 - DATE AND TIME OF LATEST TRANSACTION
control field 20260410161613.0
008 - FIXED-LENGTH DATA ELEMENTS--GENERAL INFORMATION
fixed length control field 260409a
100 1# - MAIN ENTRY--PERSONAL NAME
Personal name Ulrich, Dave
245 10 - TITLE STATEMENT
Title Cómo construir un sello de liderazgo
700 1# - ADDED ENTRY--PERSONAL NAME
Personal name Smallwood, Norm
773 0# - HOST ITEM ENTRY
Title Harvard Business Review
Related parts El rumbo de amazon - Vol. 85, Nº 10 (oct. 2007)
Record control number REV340

No hay ítems disponibles.